<?xml version="1.0" encoding="UTF-8"?>
<record
    xmlns:xsi="http://www.w3.org/2001/XMLSchema-instance"
    xsi:schemaLocation="http://www.loc.gov/MARC21/slim http://www.loc.gov/standards/marcxml/schema/MARC21slim.xsd"
    xmlns="http://www.loc.gov/MARC21/slim">

  <leader>02529nam a2200349 a 4500</leader>
  <controlfield tag="001">17963773</controlfield>
  <controlfield tag="008">151027s2014    ||||||||||||||||| ||    u</controlfield>
  <datafield tag="010" ind1=" " ind2=" ">
    <subfield code="a">2013956937</subfield>
  </datafield>
  <datafield tag="020" ind1=" " ind2=" ">
    <subfield code="a">9789400707528</subfield>
  </datafield>
  <datafield tag="020" ind1=" " ind2=" ">
    <subfield code="a">9789400707542</subfield>
  </datafield>
  <datafield tag="020" ind1=" " ind2=" ">
    <subfield code="a">9789400707535</subfield>
  </datafield>
  <datafield tag="050" ind1=" " ind2=" ">
    <subfield code="a">HN 25 Enc</subfield>
  </datafield>
  <datafield tag="100" ind1=" " ind2=" ">
    <subfield code="a">Michalos, Alex C</subfield>
  </datafield>
  <datafield tag="245" ind1="1" ind2="0">
    <subfield code="a">Encyclopedia of quality of life and well-being research. (v.1-12)</subfield>
    <subfield code="c">editor Alex C. Michalos</subfield>
  </datafield>
  <datafield tag="260" ind1=" " ind2=" ">
    <subfield code="a">New York</subfield>
    <subfield code="b">Springer</subfield>
    <subfield code="c">2014</subfield>
  </datafield>
  <datafield tag="300" ind1=" " ind2=" ">
    <subfield code="a">12 v.: ill.</subfield>
  </datafield>
  <datafield tag="500" ind1=" " ind2=" ">
    <subfield code="a">V.1 A-CHH; V.2. HI-CZ; V.3 D-E; V.4 F-G; V.5 H; V.6 I-L; V.7 M-N; V.8 O-PRH; V.9 PRI-SEK; V.10 SEL-STT; V.11 STU-U; V.12 V-Z</subfield>
  </datafield>
  <datafield tag="650" ind1=" " ind2=" ">
    <subfield code="a">QUALITY OF LIFE--RESEARCH--ENCYCLOPEDIAS</subfield>
  </datafield>
  <datafield tag="650" ind1=" " ind2=" ">
    <subfield code="a">SOCIAL INDICATORS--RESEARCH--ENCYCLOPEDIAS</subfield>
  </datafield>
  <datafield tag="995" ind1=" " ind2=" ">
    <subfield code="a">REFERENCE BOOKS</subfield>
    <subfield code="e">903334</subfield>
    <subfield code="F">CBU-SCHOOL OF MEDICINE LIBRARY (Ndola)</subfield>
    <subfield code="j">HN 25 Enc</subfield>
    <subfield code="M">3</subfield>
    <subfield code="U">REFERENCE</subfield>
    <subfield code="W">Oct 27, 2015</subfield>
    <subfield code="y">903334</subfield>
    <subfield code="Z">Reference Collection</subfield>
  </datafield>
  <datafield tag="995" ind1=" " ind2=" ">
    <subfield code="a">REFERENCE BOOKS</subfield>
    <subfield code="e">903342</subfield>
    <subfield code="F">CBU-SCHOOL OF MEDICINE LIBRARY (Ndola)</subfield>
    <subfield code="j">HN 25 Enc</subfield>
    <subfield code="M">11</subfield>
    <subfield code="U">REFERENCE</subfield>
    <subfield code="W">Oct 27, 2015</subfield>
    <subfield code="y">903342</subfield>
    <subfield code="Z">Reference Collection</subfield>
  </datafield>
  <datafield tag="995" ind1=" " ind2=" ">
    <subfield code="a">REFERENCE BOOKS</subfield>
    <subfield code="e">903337</subfield>
    <subfield code="F">CBU-SCHOOL OF MEDICINE LIBRARY (Ndola)</subfield>
    <subfield code="j">HN 25 Enc</subfield>
    <subfield code="M">6</subfield>
    <subfield code="U">REFERENCE</subfield>
    <subfield code="W">Oct 27, 2015</subfield>
    <subfield code="y">903337</subfield>
    <subfield code="Z">Reference Collection</subfield>
  </datafield>
  <datafield tag="995" ind1=" " ind2=" ">
    <subfield code="a">REFERENCE BOOKS</subfield>
    <subfield code="e">903332</subfield>
    <subfield code="F">CBU-SCHOOL OF MEDICINE LIBRARY (Ndola)</subfield>
    <subfield code="j">HN 25 Enc</subfield>
    <subfield code="M">1</subfield>
    <subfield code="U">REFERENCE</subfield>
    <subfield code="W">Oct 27, 2015</subfield>
    <subfield code="y">903332</subfield>
    <subfield code="Z">Reference Collection</subfield>
  </datafield>
  <datafield tag="995" ind1=" " ind2=" ">
    <subfield code="a">REFERENCE BOOKS</subfield>
    <subfield code="e">903340</subfield>
    <subfield code="F">CBU-SCHOOL OF MEDICINE LIBRARY (Ndola)</subfield>
    <subfield code="j">HN 25 Enc</subfield>
    <subfield code="M">9</subfield>
    <subfield code="U">REFERENCE</subfield>
    <subfield code="W">Oct 27, 2015</subfield>
    <subfield code="y">903340</subfield>
    <subfield code="Z">Reference Collection</subfield>
  </datafield>
  <datafield tag="995" ind1=" " ind2=" ">
    <subfield code="a">REFERENCE BOOKS</subfield>
    <subfield code="e">903338</subfield>
    <subfield code="F">CBU-SCHOOL OF MEDICINE LIBRARY (Ndola)</subfield>
    <subfield code="j">HN 25 Enc</subfield>
    <subfield code="M">7</subfield>
    <subfield code="U">REFERENCE</subfield>
    <subfield code="W">Oct 27, 2015</subfield>
    <subfield code="y">903338</subfield>
    <subfield code="Z">Reference Collection</subfield>
  </datafield>
  <datafield tag="995" ind1=" " ind2=" ">
    <subfield code="a">REFERENCE BOOKS</subfield>
    <subfield code="e">903341</subfield>
    <subfield code="F">CBU-SCHOOL OF MEDICINE LIBRARY (Ndola)</subfield>
    <subfield code="j">HN 25 Enc</subfield>
    <subfield code="M">10</subfield>
    <subfield code="U">REFERENCE</subfield>
    <subfield code="W">Oct 27, 2015</subfield>
    <subfield code="y">903341</subfield>
    <subfield code="Z">Reference Collection</subfield>
  </datafield>
  <datafield tag="995" ind1=" " ind2=" ">
    <subfield code="a">REFERENCE BOOKS</subfield>
    <subfield code="e">903336</subfield>
    <subfield code="F">CBU-SCHOOL OF MEDICINE LIBRARY (Ndola)</subfield>
    <subfield code="j">HN 25 Enc</subfield>
    <subfield code="M">5</subfield>
    <subfield code="U">REFERENCE</subfield>
    <subfield code="W">Oct 27, 2015</subfield>
    <subfield code="y">903336</subfield>
    <subfield code="Z">Reference Collection</subfield>
  </datafield>
  <datafield tag="995" ind1=" " ind2=" ">
    <subfield code="a">REFERENCE BOOKS</subfield>
    <subfield code="e">903343</subfield>
    <subfield code="F">CBU-SCHOOL OF MEDICINE LIBRARY (Ndola)</subfield>
    <subfield code="j">HN 25 Enc</subfield>
    <subfield code="M">12</subfield>
    <subfield code="U">AVAILABLE</subfield>
    <subfield code="W">Oct 27, 2015</subfield>
    <subfield code="y">903343</subfield>
    <subfield code="Z">Reference Collection</subfield>
  </datafield>
  <datafield tag="995" ind1=" " ind2=" ">
    <subfield code="a">REFERENCE BOOKS</subfield>
    <subfield code="e">903333</subfield>
    <subfield code="F">CBU-SCHOOL OF MEDICINE LIBRARY (Ndola)</subfield>
    <subfield code="j">HN 25 Enc</subfield>
    <subfield code="M">2</subfield>
    <subfield code="U">REFERENCE</subfield>
    <subfield code="W">Oct 27, 2015</subfield>
    <subfield code="y">903333</subfield>
    <subfield code="Z">Reference Collection</subfield>
  </datafield>
  <datafield tag="995" ind1=" " ind2=" ">
    <subfield code="a">REFERENCE BOOKS</subfield>
    <subfield code="e">903339</subfield>
    <subfield code="F">CBU-SCHOOL OF MEDICINE LIBRARY (Ndola)</subfield>
    <subfield code="j">HN 25 Enc</subfield>
    <subfield code="M">8</subfield>
    <subfield code="U">REFERENCE</subfield>
    <subfield code="W">Oct 27, 2015</subfield>
    <subfield code="y">903339</subfield>
    <subfield code="Z">Reference Collection</subfield>
  </datafield>
  <datafield tag="995" ind1=" " ind2=" ">
    <subfield code="a">REFERENCE BOOKS</subfield>
    <subfield code="e">903334</subfield>
    <subfield code="F">CBU-SCHOOL OF MEDICINE LIBRARY (Ndola)</subfield>
    <subfield code="j">HN 25 Enc</subfield>
    <subfield code="M">4</subfield>
    <subfield code="U">REFERENCE</subfield>
    <subfield code="W">Oct 27, 2015</subfield>
    <subfield code="y">903335</subfield>
    <subfield code="Z">Reference Collection</subfield>
  </datafield>
  <datafield tag="999" ind1=" " ind2=" ">
    <subfield code="c">63811</subfield>
    <subfield code="d">63811</subfield>
  </datafield>
  <datafield tag="952" ind1=" " ind2=" ">
    <subfield code="0">0</subfield>
    <subfield code="1">0</subfield>
    <subfield code="2">lcc</subfield>
    <subfield code="4">0</subfield>
    <subfield code="7">0</subfield>
    <subfield code="a">002</subfield>
    <subfield code="b">002</subfield>
    <subfield code="c">Reference Collection</subfield>
    <subfield code="d">2023-02-01</subfield>
    <subfield code="l">0</subfield>
    <subfield code="o">HN 25 Enc</subfield>
    <subfield code="p">903334</subfield>
    <subfield code="r">2023-02-01</subfield>
    <subfield code="t">1</subfield>
    <subfield code="w">2023-02-01</subfield>
    <subfield code="y">019</subfield>
  </datafield>
  <datafield tag="952" ind1=" " ind2=" ">
    <subfield code="0">0</subfield>
    <subfield code="1">0</subfield>
    <subfield code="2">lcc</subfield>
    <subfield code="4">0</subfield>
    <subfield code="7">0</subfield>
    <subfield code="a">002</subfield>
    <subfield code="b">002</subfield>
    <subfield code="c">Reference Collection</subfield>
    <subfield code="d">2023-02-01</subfield>
    <subfield code="l">0</subfield>
    <subfield code="o">HN 25 Enc</subfield>
    <subfield code="p">903342</subfield>
    <subfield code="r">2023-02-01</subfield>
    <subfield code="t">2</subfield>
    <subfield code="w">2023-02-01</subfield>
    <subfield code="y">019</subfield>
  </datafield>
  <datafield tag="952" ind1=" " ind2=" ">
    <subfield code="0">0</subfield>
    <subfield code="1">0</subfield>
    <subfield code="2">lcc</subfield>
    <subfield code="4">0</subfield>
    <subfield code="7">0</subfield>
    <subfield code="a">002</subfield>
    <subfield code="b">002</subfield>
    <subfield code="c">Reference Collection</subfield>
    <subfield code="d">2023-02-01</subfield>
    <subfield code="l">0</subfield>
    <subfield code="o">HN 25 Enc</subfield>
    <subfield code="p">903337</subfield>
    <subfield code="r">2023-02-01</subfield>
    <subfield code="t">3</subfield>
    <subfield code="w">2023-02-01</subfield>
    <subfield code="y">019</subfield>
  </datafield>
  <datafield tag="952" ind1=" " ind2=" ">
    <subfield code="0">0</subfield>
    <subfield code="1">0</subfield>
    <subfield code="2">lcc</subfield>
    <subfield code="4">0</subfield>
    <subfield code="7">0</subfield>
    <subfield code="a">002</subfield>
    <subfield code="b">002</subfield>
    <subfield code="c">Reference Collection</subfield>
    <subfield code="d">2023-02-01</subfield>
    <subfield code="l">0</subfield>
    <subfield code="o">HN 25 Enc</subfield>
    <subfield code="p">903332</subfield>
    <subfield code="r">2023-02-01</subfield>
    <subfield code="t">4</subfield>
    <subfield code="w">2023-02-01</subfield>
    <subfield code="y">019</subfield>
  </datafield>
  <datafield tag="952" ind1=" " ind2=" ">
    <subfield code="0">0</subfield>
    <subfield code="1">0</subfield>
    <subfield code="2">lcc</subfield>
    <subfield code="4">0</subfield>
    <subfield code="7">0</subfield>
    <subfield code="a">002</subfield>
    <subfield code="b">002</subfield>
    <subfield code="c">Reference Collection</subfield>
    <subfield code="d">2023-02-01</subfield>
    <subfield code="l">0</subfield>
    <subfield code="o">HN 25 Enc</subfield>
    <subfield code="p">903340</subfield>
    <subfield code="r">2023-02-01</subfield>
    <subfield code="t">5</subfield>
    <subfield code="w">2023-02-01</subfield>
    <subfield code="y">019</subfield>
  </datafield>
  <datafield tag="952" ind1=" " ind2=" ">
    <subfield code="0">0</subfield>
    <subfield code="1">0</subfield>
    <subfield code="2">lcc</subfield>
    <subfield code="4">0</subfield>
    <subfield code="7">0</subfield>
    <subfield code="a">002</subfield>
    <subfield code="b">002</subfield>
    <subfield code="c">Reference Collection</subfield>
    <subfield code="d">2023-02-01</subfield>
    <subfield code="l">0</subfield>
    <subfield code="o">HN 25 Enc</subfield>
    <subfield code="p">903338</subfield>
    <subfield code="r">2023-02-01</subfield>
    <subfield code="t">6</subfield>
    <subfield code="w">2023-02-01</subfield>
    <subfield code="y">019</subfield>
  </datafield>
  <datafield tag="952" ind1=" " ind2=" ">
    <subfield code="0">0</subfield>
    <subfield code="1">0</subfield>
    <subfield code="2">lcc</subfield>
    <subfield code="4">0</subfield>
    <subfield code="7">0</subfield>
    <subfield code="a">002</subfield>
    <subfield code="b">002</subfield>
    <subfield code="c">Reference Collection</subfield>
    <subfield code="d">2023-02-01</subfield>
    <subfield code="l">0</subfield>
    <subfield code="o">HN 25 Enc</subfield>
    <subfield code="p">903341</subfield>
    <subfield code="r">2023-02-01</subfield>
    <subfield code="t">7</subfield>
    <subfield code="w">2023-02-01</subfield>
    <subfield code="y">019</subfield>
  </datafield>
  <datafield tag="952" ind1=" " ind2=" ">
    <subfield code="0">0</subfield>
    <subfield code="1">0</subfield>
    <subfield code="2">lcc</subfield>
    <subfield code="4">0</subfield>
    <subfield code="7">0</subfield>
    <subfield code="a">002</subfield>
    <subfield code="b">002</subfield>
    <subfield code="c">Reference Collection</subfield>
    <subfield code="d">2023-02-01</subfield>
    <subfield code="l">0</subfield>
    <subfield code="o">HN 25 Enc</subfield>
    <subfield code="p">903336</subfield>
    <subfield code="r">2023-02-01</subfield>
    <subfield code="t">8</subfield>
    <subfield code="w">2023-02-01</subfield>
    <subfield code="y">019</subfield>
  </datafield>
  <datafield tag="952" ind1=" " ind2=" ">
    <subfield code="0">0</subfield>
    <subfield code="1">0</subfield>
    <subfield code="2">lcc</subfield>
    <subfield code="4">0</subfield>
    <subfield code="7">0</subfield>
    <subfield code="a">002</subfield>
    <subfield code="b">002</subfield>
    <subfield code="c">Reference Collection</subfield>
    <subfield code="d">2023-02-01</subfield>
    <subfield code="l">0</subfield>
    <subfield code="o">HN 25 Enc</subfield>
    <subfield code="p">903343</subfield>
    <subfield code="r">2023-02-01</subfield>
    <subfield code="t">9</subfield>
    <subfield code="w">2023-02-01</subfield>
    <subfield code="y">019</subfield>
  </datafield>
  <datafield tag="952" ind1=" " ind2=" ">
    <subfield code="0">0</subfield>
    <subfield code="1">0</subfield>
    <subfield code="2">lcc</subfield>
    <subfield code="4">0</subfield>
    <subfield code="7">0</subfield>
    <subfield code="a">002</subfield>
    <subfield code="b">002</subfield>
    <subfield code="c">Reference Collection</subfield>
    <subfield code="d">2023-02-01</subfield>
    <subfield code="l">0</subfield>
    <subfield code="o">HN 25 Enc</subfield>
    <subfield code="p">903333</subfield>
    <subfield code="r">2023-02-01</subfield>
    <subfield code="t">10</subfield>
    <subfield code="w">2023-02-01</subfield>
    <subfield code="y">019</subfield>
  </datafield>
  <datafield tag="952" ind1=" " ind2=" ">
    <subfield code="0">0</subfield>
    <subfield code="1">0</subfield>
    <subfield code="2">lcc</subfield>
    <subfield code="4">0</subfield>
    <subfield code="7">0</subfield>
    <subfield code="a">002</subfield>
    <subfield code="b">002</subfield>
    <subfield code="c">Reference Collection</subfield>
    <subfield code="d">2023-02-01</subfield>
    <subfield code="l">0</subfield>
    <subfield code="o">HN 25 Enc</subfield>
    <subfield code="p">903339</subfield>
    <subfield code="r">2023-02-01</subfield>
    <subfield code="t">11</subfield>
    <subfield code="w">2023-02-01</subfield>
    <subfield code="y">019</subfield>
  </datafield>
  <datafield tag="952" ind1=" " ind2=" ">
    <subfield code="0">0</subfield>
    <subfield code="1">0</subfield>
    <subfield code="2">lcc</subfield>
    <subfield code="4">0</subfield>
    <subfield code="7">0</subfield>
    <subfield code="a">002</subfield>
    <subfield code="b">002</subfield>
    <subfield code="c">Reference Collection</subfield>
    <subfield code="d">2023-02-01</subfield>
    <subfield code="l">0</subfield>
    <subfield code="o">HN 25 Enc</subfield>
    <subfield code="p">903335</subfield>
    <subfield code="r">2023-02-01</subfield>
    <subfield code="t">12</subfield>
    <subfield code="w">2023-02-01</subfield>
    <subfield code="y">019</subfield>
  </datafield>
</record>
